| 000 | 01042nam a2200217Ia 4500 | ||
|---|---|---|---|
| 001 | 15640 | ||
| 003 | GE_BSU | ||
| 008 | 181216s||||||||xx |||||||||||||| ||und|| | ||
| 040 | _cGE_BSU | ||
| 100 | _aწერეთელი, ა. | ||
| 245 | _aთხზულებათა სრული კრებული : 15 ტომად. ტ. 3 | ||
| 245 | _bლექსები, 1901-1914 | ||
| 245 | _cსარედ.კოლ. გიორგი აბზიანიძე. ლ.ასათიანი. ი. გრიშაშვილი. მთ.რედ.გ.აბზიანიძე. ტექსტი და ვარიანტები დაამუშავა სოლომონ ყუბანეიშვილმა | ||
| 260 | _aთბილისი | ||
| 260 | _bსახელგამი | ||
| 260 | _c1954 | ||
| 300 | _a587 გვ. : 1 ფ. პორტრ.20სმ. | ||
| 653 | _aთხზულებათა სრული კრებული | ||
| 653 | _aლექსები. | ||
| 942 | _cBK | ||
| 999 |
_c48740 _d48740 |
||